000 00555nam a2200181Ia 4500
999 _c23107
_d23107
003 OSt
005 20200512103038.0
008 190216s9999||||xx |||||||||||||| ||und||
020 _a9789670526010
040 _coclc
082 _a297.1226
_bWAL/A
100 _aWaliyullah, Hazrat Shah
_92203
245 0 _aAl-Faws Al-Kabir Fi Usul Al-Tafsir /
_cHazrat Shah Waliyullah
260 _bIslamic Book Trust,
_c2013.
_aKuala Lumpur:
300 _a121p
650 _aIslamic History
942 _cBK
_2ddc
_h297.1226
_iWAL/A
_k297.1226
_mWAL/A